000 00480nam a2200181Ia 4500
003 GCL
008 140319s9999 xx 000 0 eng d
040 _aGCL /
_cGCL
082 0 4 _a070.195
_bC Y
100 1 _aYORKE, IVOR
245 1 0 _aTELVISION NEWS /
_cYORKE, IVOR
260 _a[S.N] :
_bFOCAL PRESS ،
_c1997
300 _a258 P
650 0 4 _aTELEVISION - PRODUCTION AND DIRECTION
650 0 4 _aTELEVISION - BROADCASTING
650 0 4 _aTELEVISION - NEWS
942 _2ddc
_cBK
999 _c14357
_d14357